Inside outside in by garry emery / (Record no. 352575)

000 -LEADER
fixed length control field 01464 a2200265 4500
003 - CONTROL NUMBER IDENTIFIER
control field OSt
005 - DATE AND TIME OF LATEST TRANSACTION
control field 20180116192339.0
008 - FIXED-LENGTH DATA ELEMENTS--GENERAL INFORMATION
fixed length control field 120525t xxu||||| |||| 00| 0 eng d
020 ## - INTERNATIONAL STANDARD BOOK NUMBER
International Standard Book Number 1876907304 (hardcover)
020 ## - INTERNATIONAL STANDARD BOOK NUMBER
International Standard Book Number 9781876907303 (hardcover)
040 ## - CATALOGING SOURCE
Transcribing agency 0
082 04 - DEWEY DECIMAL CLASSIFICATION NUMBER
Classification number 741.6
100 1# - MAIN ENTRY--PERSONAL NAME
Personal name Emery, Garry.
9 (RLIN) 2219
245 10 - TITLE STATEMENT
Title Inside outside in by garry emery /
Statement of responsibility, etc. Garry Emery.
260 ## - PUBLICATION, DISTRIBUTION, ETC.
Place of publication, distribution, etc. Victoria :
Name of publisher, distributor, etc. Images Publishing Dist A/C,
Date of publication, distribution, etc. 2002.
300 ## - PHYSICAL DESCRIPTION
Extent 256 p. :
Other physical details ill.,
Dimensions 31 cm.
520 ## - SUMMARY, ETC.
Summary, etc. A must for design aficionados, Outside Inside Out Inside Outside In is the defining publication on environmental graphic design, the hybrid professional speciality incorporating everything related to the public realm: building, cities, wayfinding, traffic signage, advertising, corporate identity and public information. Garry Emery leans towards design as a cultural act. He is interested in catching or arresting the public imagination through design, and in working towards design expression that makes its impact through transcending its necessary promotional or commercial orientation.
650 0# - SUBJECT ADDED ENTRY--TOPICAL TERM
Topical term or geographic name entry element Architectural design
9 (RLIN) 2220
650 0# - SUBJECT ADDED ENTRY--TOPICAL TERM
Topical term or geographic name entry element Architecture, Modern
9 (RLIN) 2221
650 0# - SUBJECT ADDED ENTRY--TOPICAL TERM
Topical term or geographic name entry element Graphic arts
9 (RLIN) 2222
650 0# - SUBJECT ADDED ENTRY--TOPICAL TERM
Topical term or geographic name entry element Signs and signboards
Geographic subdivision Australia
9 (RLIN) 2223
856 40 - ELECTRONIC LOCATION AND ACCESS
Materials specified Amazon.com
Uniform Resource Identifier <a href="http://www.amazon.com/exec/obidos/ASIN/1876907304/chopaconline-20">http://www.amazon.com/exec/obidos/ASIN/1876907304/chopaconline-20</a>
942 ## - ADDED ENTRY ELEMENTS (KOHA)
Institution code [OBSOLETE] SADA
Koha item type Book
Call number prefix 741.6 EME 2002
Source of classification or shelving scheme
Holdings
Withdrawn status Lost status Source of classification or shelving scheme Damaged status Not for loan Permanent Location Current Location Date acquired Total Checkouts Full call number Barcode Date last seen Cost, replacement price Price effective from Koha item type
          School of Art Design and Architecture (SADA) School of Art Design and Architecture (SADA) 02/17/2011   741.6 EME 2002 SADA0000654 08/05/2011 3631.00 08/05/2011 Book
© 2023 Central Library, National University of Sciences and Technology. All Rights Reserved.